| 000 | 00660nam a2200253Ia 4500 | ||
|---|---|---|---|
| 003 | OSt | ||
| 005 | 20221005073155.0 | ||
| 006 | a|||||r|||| 00| 0 | ||
| 007 | ta | ||
| 008 | 221004b |||||||| |||| 00| 0 eng d | ||
| 024 | _a77605 | ||
| 037 | _cTextual | ||
| 040 |
_aCRL _cCRL _beng |
||
| 041 |
_2eng _aeng |
||
| 082 | _aZ2, F5 | ||
| 110 | _aIndia, Government of..... | ||
| 245 | 0 | _aTitles of acts passed by Government of India 1848 | |
| 260 |
_aNew Delhi _bGovernment of India India _c1925 |
||
| 300 |
_a142p. _ccm. |
||
| 650 | _aLAW | ||
| 700 | _aIndia, Government of..... | ||
| 942 |
_hZ2, F5 _cTEXL _2cc |
||
| 999 |
_c980709 _d980709 |
||